000 00339nam a22001457a 4500
008 230717b ||||| |||| 00| 0 eng d
020 _a9780321228239
041 _aeng
080 _2SEVENTH EDITION
_a51
082 _a51LIA
100 _a23
101 _aMATEM
245 _aFINITE MATHEMATICS AND CALCULUS
_cLIAL.G.R
942 _2udc
_cBK
999 _c60148
_d60148